IFM Opac

A Practical Approach to Bank Lending (Record no. 20925)

MARC details
000 -LEADER
fixed length control field 00287nam a22001217a 4500
082 ## - DEWEY DECIMAL CLASSIFICATION NUMBER
Classification number 332.1753 DYE
100 ## - MAIN ENTRY--PERSONAL NAME
Personal name Dyer L.S
9 (RLIN) 9181
245 ## - TITLE STATEMENT
Title A Practical Approach to Bank Lending
250 ## - EDITION STATEMENT
Edition statement 2nd Ed.
260 ## - PUBLICATION, DISTRIBUTION, ETC.
Place of publication, distribution, etc. London
Name of publisher, distributor, etc. The Institute of Bankers
Date of publication, distribution, etc. 1983
300 ## - PHYSICAL DESCRIPTION
Extent 237p
942 ## - ADDED ENTRY ELEMENTS (KOHA)
Koha item type Books
Holdings
Withdrawn status Lost status Damaged status Not for loan Collection code Home library Current library Shelving location Date acquired Source of acquisition Total Checkouts Full call number Barcode Date last seen Price effective from Koha item type
        Non-fiction IFM Main Campus Library IFM Main Campus Library Archival Collection 10/08/2021 Purchase   332.1753 DYE 0000000737 10/08/2021 10/08/2021 Books